Vmware private cloud computing with vcloud director / (Record no. 25981)

MARC details
000 -LEADER
fixed length control field 00718nam a22002535a 4500
005 - DATE AND TIME OF LATEST TRANSACTION
control field 20230714104619.0
008 - FIXED-LENGTH DATA ELEMENTS--GENERAL INFORMATION
fixed length control field 121019s2013 inu 000 0 eng
010 ## - LIBRARY OF CONGRESS CONTROL NUMBER
LC control number 2012952203
020 ## - INTERNATIONAL STANDARD BOOK NUMBER
ISBN 9781118180587 (pbk. : alk. paper)
040 ## - CATALOGING SOURCE
Original cataloging agency DLC
Transcribing agency DLC
042 ## - AUTHENTICATION CODE
Authentication code pcc
082 ## - DEWEY DECIMAL CLASSIFICATION NUMBER
Classification number 005.647
Item number GAL-V
100 1# - MAIN ENTRY--AUTHOR
Author Name Gallagher, Simon.
245 10 - TITLE STATEMENT
Title Vmware private cloud computing with vcloud director /
Statement of responsibility, etc. Simon Gallagher.
250 ## - EDITION STATEMENT
Edition statement 1st ed.
260 ## - PUBLICATION, DISTRIBUTION, ETC.
Place of Publication Indianapolis, IN :
Name of publisher, distributor, etc. John Wiley and Sons,
Date of publication, distribution, etc. 2013.
300 ## - PHYSICAL DESCRIPTION
Pages p. cm.
500 ## - GENERAL NOTE
General note Includes index.
650 ## - SUBJECT ADDED ENTRY--TOPICAL TERM
Subject / Department Cloud Computing
263 ## - PROJECTED PUBLICATION DATE
Projected publication date 1303
906 ## - LOCAL DATA ELEMENT F, LDF (RLIN)
a 0
b ibc
c orignew
d 2
e epcn
f 20
g y-gencatlg
952 ## - LOCATION AND ITEM INFORMATION (KOHA)
-- 0
-- 0
Holdings
Lost status Damaged status Collection code Permanent Location Current Location Shelving Location Date acquired Full Call Number Accession No./Barcode Date last seen item type Koha item type
    CS/IT Superior Information Resource Center (SIRC) Superior University- Gold Campus Superior Information Resource Center (SIRC) Superior University- Gold Campus Cloud Computing 07/14/2023 005.647 GAL-V 2013 19448 07/14/2023 BOOK BOOK

Powered by Koha